<?xml version="1.0" encoding="UTF-8"?>
<record
    xmlns:xsi="http://www.w3.org/2001/XMLSchema-instance"
    xsi:schemaLocation="http://www.loc.gov/MARC21/slim http://www.loc.gov/standards/marcxml/schema/MARC21slim.xsd"
    xmlns="http://www.loc.gov/MARC21/slim">

  <leader>01686cam a2200313 i 4500</leader>
  <controlfield tag="001">zz2007871676</controlfield>
  <controlfield tag="003">NUKAT</controlfield>
  <controlfield tag="005">20260425091058.0</controlfield>
  <controlfield tag="008">070601s1934    pl a         |000 0 pol c</controlfield>
  <datafield tag="035" ind1=" " ind2=" ">
    <subfield code="a">(OCoLC)1413095680</subfield>
  </datafield>
  <datafield tag="035" ind1=" " ind2=" ">
    <subfield code="a">(NUKAT)zz2007871676</subfield>
  </datafield>
  <datafield tag="040" ind1=" " ind2=" ">
    <subfield code="a">TOR U/EC</subfield>
    <subfield code="b">pol</subfield>
    <subfield code="e">rda</subfield>
    <subfield code="c">TOR U/EC</subfield>
    <subfield code="d">TOR U/LF</subfield>
    <subfield code="d">OLSZT 003/AL</subfield>
    <subfield code="d">KAT U/44UIs</subfield>
  </datafield>
  <datafield tag="099" ind1=" " ind2=" ">
    <subfield code="a">hh_572814</subfield>
  </datafield>
  <datafield tag="245" ind1="0" ind2="0">
    <subfield code="a">Skorowidz gmin wojew&#xF3;dztwa pomorskiego do map B. Zaborskiego " Podatek gruntowy, g&#x119;sto&#x15B;&#x107; zaludnienia i narodowo&#x15B;&#x107; mieszka&#x144;c&#xF3;w na Pomorzu" :</subfield>
    <subfield code="b">cz&#x119;&#x15B;&#x107; pierwsza pracy zbiorowej "Stosunki rolnicze na Pomorzu" - Polskie Pomorze t. 3 "&#x17B;ycie gospodarcze" /</subfield>
    <subfield code="c">Bogdan Zaborski.</subfield>
  </datafield>
  <datafield tag="246" ind1="1" ind2="4">
    <subfield code="a">Podatek gruntowy, g&#x119;sto&#x15B;&#x107; zaludnienia i narodowo&#x15B;&#x107; mieszka&#x144;c&#xF3;w na Pomorzu :</subfield>
    <subfield code="b">3 mapy i skorowidz gmin wojew&#xF3;dztwa pomorskiego</subfield>
  </datafield>
  <datafield tag="260" ind1=" " ind2=" ">
    <subfield code="a">Toru&#x144; :</subfield>
    <subfield code="b">Kasa im. Mianowskiego - Instytut Popierania Nauki,</subfield>
    <subfield code="c">1934</subfield>
    <subfield code="e">(Bydgoszcz :</subfield>
    <subfield code="f">Zak&#x142;. Graficzne "Biblijoteka Polska").</subfield>
  </datafield>
  <datafield tag="300" ind1=" " ind2=" ">
    <subfield code="a">Strony 23-56 ;</subfield>
    <subfield code="c">25 cm +</subfield>
    <subfield code="e">4 mapy z&#x142;o&#x17C;one kolorowe.</subfield>
  </datafield>
  <datafield tag="336" ind1=" " ind2=" ">
    <subfield code="a">Tekst</subfield>
    <subfield code="b">txt</subfield>
    <subfield code="2">rdacontent</subfield>
  </datafield>
  <datafield tag="337" ind1=" " ind2=" ">
    <subfield code="a">Bez urz&#x105;dzenia po&#x15B;rednicz&#x105;cego</subfield>
    <subfield code="b">n</subfield>
    <subfield code="2">rdamedia</subfield>
  </datafield>
  <datafield tag="338" ind1=" " ind2=" ">
    <subfield code="a">Wolumin</subfield>
    <subfield code="b">nc</subfield>
    <subfield code="2">rdacarrier</subfield>
  </datafield>
  <datafield tag="490" ind1="1" ind2=" ">
    <subfield code="a">Wydawnictwa Instytutu Ba&#x142;tyckiego</subfield>
  </datafield>
  <datafield tag="650" ind1=" " ind2="4">
    <subfield code="a">Polityka rolna</subfield>
    <subfield code="z">Polska</subfield>
    <subfield code="x">historia.</subfield>
    <subfield code="2">kaba</subfield>
    <subfield code="9">1744</subfield>
  </datafield>
  <datafield tag="651" ind1=" " ind2="7">
    <subfield code="a">Pomorze Gda&#x144;skie (Polska ; region)</subfield>
    <subfield code="x">sytuacja spo&#x142;eczna</subfield>
    <subfield code="y">19 w.</subfield>
    <subfield code="2">kaba</subfield>
    <subfield code="9">40502</subfield>
  </datafield>
  <datafield tag="651" ind1=" " ind2="7">
    <subfield code="a">Pomorze Gda&#x144;skie (Polska ; region)</subfield>
    <subfield code="x">sytuacja spo&#x142;eczna</subfield>
    <subfield code="y">1900-1945.</subfield>
    <subfield code="2">kaba</subfield>
    <subfield code="9">40503</subfield>
  </datafield>
  <datafield tag="700" ind1="1" ind2=" ">
    <subfield code="a">Zaborski, Bogdan</subfield>
    <subfield code="d">(1901-1985).</subfield>
    <subfield code="e">Redakcja</subfield>
    <subfield code="9">39894</subfield>
  </datafield>
  <datafield tag="710" ind1="2" ind2=" ">
    <subfield code="a">Kasa im. Mianowskiego - Instytut Popierania Nauki.</subfield>
    <subfield code="e">Wydawca</subfield>
    <subfield code="4">pbl</subfield>
    <subfield code="9">580</subfield>
  </datafield>
  <datafield tag="830" ind1=" " ind2="0">
    <subfield code="a">Wydawnictwa Instytutu Ba&#x142;tyckiego</subfield>
    <subfield code="9">349</subfield>
  </datafield>
  <datafield tag="942" ind1=" " ind2=" ">
    <subfield code="2">ddc</subfield>
    <subfield code="c">BK_NM</subfield>
  </datafield>
  <datafield tag="999" ind1=" " ind2=" ">
    <subfield code="c">27757</subfield>
    <subfield code="d">27757</subfield>
  </datafield>
  <datafield tag="952" ind1=" " ind2=" ">
    <subfield code="0">0</subfield>
    <subfield code="1">0</subfield>
    <subfield code="2">ddc</subfield>
    <subfield code="4">0</subfield>
    <subfield code="7">0</subfield>
    <subfield code="8">PBKH</subfield>
    <subfield code="a">BIP</subfield>
    <subfield code="b">PBKH</subfield>
    <subfield code="d">2026-04-25</subfield>
    <subfield code="e">K-18/1965</subfield>
    <subfield code="f">K</subfield>
    <subfield code="i">15949</subfield>
    <subfield code="l">0</subfield>
    <subfield code="o">15949</subfield>
    <subfield code="p">IPWK23799</subfield>
    <subfield code="r">2026-04-25 09:11:48</subfield>
    <subfield code="w">2026-04-25</subfield>
    <subfield code="y">BK_NM</subfield>
  </datafield>
</record>
